000235740 001__ 235740
000235740 005__ 20260201182450.0
000235740 022__ $$a2516-7227$$l2516-7227
000235740 0247_ $$2ZDBID$$aPERI:(DE-600)3008388-6
000235740 0247_ $$2ZDBPPN$$aZDPPN:1204598002
000235740 0247_ $$2EZBID$$aPERI:(DE-606)465092
000235740 0247_ $$2EZBID$$aPERI:(DE-606)465092
000235740 0247_ $$2Handle$$a10419/320563
000235740 0247_ $$2OCLC$$aOCLC:1368616290
000235740 0247_ $$2SCOPUS$$aSCOPUS:21101087219
000235740 0247_ $$2Medline$$amedline:9918573988206676
000235740 035__ $$aPERI:(DE-600)3008388-6
000235740 040__ $$a0018$$bger$$cDE-101$$dJOIN²$$eJOIN² journal identification
000235740 041__ $$aeng
000235740 044__ $$cXA-GB
000235740 082__ $$223sdnb$$a333.7$$qDE-600
000235740 08274 $$223sdnb$$a333.7$$qDE-600
000235740 2100_ $$2iso$$aJ Illicit Econ Dev
000235740 2100_ $$2dnlm$$aJ Illicit Econ Dev
000235740 2100_ $$2iso$$aJ Illicit Econ Dev
000235740 24220 $$2DE-600$$aJournal of illicit economies and development$$bJIED$$cInternational Drug Policy Unit$$yen
000235740 24220 $$2DE-600$$aJournal of illicit economies and development$$bJIED$$cInternational Drug Policy Unit
000235740 245__ $$2DE-600$$aJournal of illicit economies and development$$bJIED$$cInternational Drug Policy Unit$$honline
000235740 2463_ $$2DE-600$$aJournal of illicit economies and development
000235740 2463_ $$aJournal of illicit economies and development
000235740 260__ $$aLondon$$bLSE Press$$c2019-
000235740 2607_ $$2DOAJ$$aUnited Kingdom$$bLSE Press$$d2022-04-13T13:17:42Z
000235740 26431 $$aLondon$$bLSE Press$$c2019-
000235740 3620_ $$2DE-600$$aVolume 1 (2019), issue 1-
000235740 36301 $$2DE-600$$81.1\x$$a1$$i2019
000235740 380__ $$2marcgt$$ajournal
000235740 500__ $$aAutomatically generated record. (Updated: 2025-11-07)
000235740 650_7 $$0ASJC:3303$$2ASJC$$aDevelopment
000235740 65310 $$2EZB-Subject$$aJurisprudence
000235740 65310 $$2EZB-Subject$$aBusiness and Economics
000235740 65310 $$2EZB-Keyword$$aKriminologie
000235740 65310 $$2EZB-Keyword$$aWirtschaftsrecht
000235740 65310 $$2DOAJ$$aillicit markets$$d2022-04-13T13:17:42Z
000235740 65310 $$2DOAJ$$amarginalised communities$$d2022-04-13T13:17:42Z
000235740 65310 $$2DOAJ$$aeconomic development$$d2022-04-13T13:17:42Z
000235740 65310 $$2DOAJ$$asocioeconomic outcomes$$d2022-04-13T13:17:42Z
000235740 65310 $$2DOAJ$$aSocial Sciences: Social pathology. Social and public welfare. Criminology$$d2022-04-13T13:17:42Z
000235740 65310 $$2DOAJ$$aSocial Sciences: Social history and conditions. Social problems. Social reform$$d2022-04-13T13:17:42Z
000235740 7102_ $$0(DE-101)120459919X$$2gnd$$4isb$$aLondon School of Economics and Political Science$$bInternational Drug Policy Unit$$eHerausgebendes Organ
000235740 8564_ $$d0$$uhttps://ezb.ur.de/?3008388-6$$yEZB
000235740 8564_ $$d0$$uhttps://hdl.handle.net/10419/320563$$yResolving-System
000235740 8564_ $$d0$$uhttps://jied.lse.ac.uk$$yVerlag = kostenfrei
000235740 8564_ $$d0$$uhttps://jied.lse.ac.uk/about$$yScope
000235740 8564_ $$d0$$uhttps://jied.lse.ac.uk/about/editorialpolicies$$yReview process
000235740 8564_ $$d0$$uhttps://jied.lse.ac.uk/about/editorialteam$$yEditorial board
000235740 8564_ $$d0$$uhttps://jied.lse.ac.uk/about/submissions$$yAPC information
000235740 8564_ $$d0$$uhttps://www.econstor.eu/handle/10419/320563$$yArchivierung = kostenfrei
000235740 8801_ $$2DE-600$$aJournal of illicit economies and development$$bJIED$$cInternational Drug Policy Unit
000235740 909CO $$ooai:juser.fz-juelich.de:887001$$pauthority$$pauthority:PERI
000235740 909CO $$ooai:juser.fz-juelich.de:887001
000235740 915__ $$0StatID:(DE-HGF)0200$$2StatID$$aDBCoverage$$bSCOPUS$$d2025-11-07
000235740 915__ $$0StatID:(DE-HGF)0300$$2StatID$$aDBCoverage$$bMedline$$d2025-11-07
000235740 915__ $$0StatID:(DE-HGF)0501$$2StatID$$aDBCoverage$$bDOAJ Seal$$d2022-04-13T13:17:42Z
000235740 915__ $$0StatID:(DE-HGF)0500$$2StatID$$aDBCoverage$$bDOAJ$$d2022-04-13T13:17:42Z
000235740 915__ $$0StatID:(DE-HGF)0030$$2StatID$$aPeer Review$$bDOAJ : Double anonymous peer review$$d2022-04-13T13:17:42Z
000235740 915__ $$0LIC:(DE-HGF)CCBYNV$$2V:(DE-HGF)$$aCreative Commons Attribution CC BY (No Version)$$bDOAJ$$d2022-04-13T13:17:42Z
000235740 980__ $$aPERI
000235740 980__ $$aAUTHORITY